000 00300nam a22001337a 4500
008 150611b xxu||||| |||| 00| 0 eng d
020 _a9780312412623
041 0 _aeng
080 _a801.53 HAC
100 1 _a40
101 _aMAC
245 1 2 _aA writer's reference /
_cDiana Hacker.
942 _2udc
_cBK
999 _c1035
_d1035